Essentials of economics (Record no. 16865)

MARC details
000 -LEADER
fixed length control field 00468nam a22001577a 4500
008 - FIXED-LENGTH DATA ELEMENTS--GENERAL INFORMATION
fixed length control field 180623b xxu||||| |||| 00| 0 eng d
020 ## - INTERNATIONAL STANDARD BOOK NUMBER
International Standard Book Number 0324316267
040 ## - CATALOGING SOURCE
Original cataloging agency KABU
Transcribing agency KABU
050 ## - LIBRARY OF CONGRESS CALL NUMBER
Classification number HB171.5
Item number .B38 2006 c. 1
100 ## - MAIN ENTRY--PERSONAL NAME
Personal name Baumol, William J.
245 ## - TITLE STATEMENT
Title Essentials of economics
Remainder of title principles and policy
Statement of responsibility, etc. William J. Baumol and Alan S. Blinder
300 ## - PHYSICAL DESCRIPTION
Extent xxi, 390 p.
650 ## - SUBJECT ADDED ENTRY--TOPICAL TERM
Topical term or geographic name as entry element Economics
700 ## - ADDED ENTRY--PERSONAL NAME
Personal name Blinder, Alan S.
942 ## - ADDED ENTRY ELEMENTS (KOHA)
Source of classification or shelving scheme Library of Congress Classification
Koha item type General Collection
Classification part HB171.5
Holdings
Withdrawn status Lost status Source of classification or shelving scheme Not for loan Home library Current library Shelving location Date acquired Total Checkouts Full call number Barcode Date last seen Date last checked out Copy number Price effective from Koha item type Cost, normal purchase price
    Library of Congress Classification   Kabarak, Main Campus Kabarak, Main Campus General Stacks 23/06/2018 3 HB171.5 .B38 2006 c. 1 025272 02/08/2024 04/11/2019 c. 1 23/06/2018 General Collection  
    Library of Congress Classification   Kabarak, Main Campus Kabarak, Main Campus General Stacks 23/06/2018 1 HB171.5 .B38 2006 c. 2 025273 02/08/2024 18/07/2019 c. 2 23/06/2018 General Collection  
    Library of Congress Classification   Kabarak, Main Campus Kabarak, Main Campus General Stacks 23/06/2018 1 HB171.5 .B38 2006 c. 3 025274 02/08/2024 21/07/2018 c. 3 23/06/2018 General Collection  
    Library of Congress Classification   Kabarak, Nakuru City Campus Kabarak, Nakuru City Campus General Stacks 06/08/2018   HB171.5 .B38 2006 c. 2 025883 06/08/2018   c. 2 06/08/2018 General Collection 4900.00
    Library of Congress Classification   Kabarak, Nakuru City Campus Kabarak, Nakuru City Campus General Stacks 06/08/2018   HB171.5 .B38 2006 c. 1 025882 06/08/2018   c. 1 06/08/2018 General Collection 4900.00
Designed with assistance from East African Informatics Ltd